Datum a čas kvízu
47
Celkem bodů
Celkový počet nahraných bodů na tomto kvízu bez doplňovacích otázek.
1.
Pořadí na kvízu
Konečné umístění týmu na tomto kvízu.
Zaznamenané odpovědi
| # | Otázka | Odpověď | Body | Výsledky |
|---|---|---|---|---|
| 1. | V pátek přejel první vlak přes... | Orlík | 1 | |
| 2. | Po devíti dnech pátrání byla v... | v Paříži | 1 | |
| 3. | Počátkem týdne byl představen... | Marek Ztracený, Ester Ledecká | 1 | |
| 4. | Ve čtvrtek byly vyhlášeny výsl... | Zásilkovna | 1 | |
| 5. | Při zápase brazilské fotbalové... | pódium (stage) | 1 | |
| 6. | Začneme mladším (a slavnějším)... | R.U.R. | 1 | |
| 7. | Josef Čapek byl především malí... | C | 0 | |
| 8. | Přiřaďte k těmto literárním dí... | 1C 2D 3B 4A | 1 | |
| 9. | Napište názvy dvou deníků, v n... | Národní listy, Lidové noviny | 1 | |
| 10. | Napište název dramatu, jehož z... | Matka | 1 |